[Event "English Schools Championship Final 2024"]
[Site "Nottingham University Kings Meadow Campus, United Kingdom"]
[Date "2024.06.27"]
[Round "3.35"]
[White "Rook, Todd"]
[Black "Pylypenko, Danylo"]
[Result "1/2-1/2"]
[TimeControl "G50' + 10\" per move."]
[WhiteElo "1643"]
[BlackElo "1511"]

1. e4 {[%clk 00:50:18]} {[%emt 00:00:02]} c5 {[%clk 00:50:19]} {[%emt
00:00:02]} 2. Nf3 {[%clk 00:50:26]} {[%emt 00:00:02]} Nc6 {[%clk 00:50:28]}
{[%emt 00:00:01]} 3. d4 {[%clk 00:50:31]} {[%emt 00:00:05]} cxd4 {[%clk
00:50:36]} {[%emt 00:00:02]} 4. Nxd4 {[%clk 00:50:15]} {[%emt 00:00:26]} e5
{[%clk 00:49:37]} {[%emt 00:01:09]} 5. Nxc6 {[%clk 00:49:35]} {[%emt 00:00:49]}
bxc6 {[%clk 00:49:28]} {[%emt 00:00:19]} 6. Nc3 {[%clk 00:49:18]} {[%emt
00:00:28]} Nf6 {[%clk 00:49:34]} {[%emt 00:00:03]} 7. Bg5 {[%clk 00:48:58]}
{[%emt 00:00:30]} h6 {[%clk 00:48:44]} {[%emt 00:01:00]} 8. Bh4 {[%clk
00:48:52]} {[%emt 00:00:16]} Be7 {[%clk 00:47:16]} {[%emt 00:01:38]} 9. Bc4
{[%clk 00:48:22]} {[%emt 00:00:41]} O-O {[%clk 00:46:56]} {[%emt 00:00:30]} 10.
Qd3 {[%clk 00:47:26]} {[%emt 00:01:05]} Bb7 {[%clk 00:44:32]} {[%emt 00:02:35]}
11. Bg3 {[%clk 00:45:56]} {[%emt 00:01:39]} d6 {[%clk 00:42:31]} {[%emt
00:02:11]} 12. O-O-O {[%clk 00:45:16]} {[%emt 00:00:50]} Rb8 {[%clk 00:38:34]}
{[%emt 00:04:08]} 13. f4 {[%clk 00:44:33]} {[%emt 00:00:52]} d5 {[%clk
00:35:00]} {[%emt 00:03:44]} 14. exd5 {[%clk 00:43:56]} {[%emt 00:00:47]} cxd5
{[%clk 00:33:51]} {[%emt 00:01:19]} 15. Nxd5 {[%clk 00:44:01]} {[%emt
00:00:04]} Bxd5 {[%clk 00:31:02]} {[%emt 00:03:00]} 16. fxe5 {[%clk 00:42:47]}
{[%emt 00:01:24]} Bxg2 {[%clk 00:25:13]} {[%emt 00:06:00]} 17. exf6 {[%clk
00:40:52]} {[%emt 00:02:04]} Qxd3 {[%clk 00:24:36]} {[%emt 00:00:47]} 18. Bxd3
{[%clk 00:40:34]} {[%emt 00:00:28]} Bxf6 {[%clk 00:23:29]} {[%emt 00:01:17]} 19.
Bxb8 {[%clk 00:39:57]} {[%emt 00:00:47]} Rxb8 {[%clk 00:19:14]} {[%emt
00:04:24]} 20. Rhg1 {[%clk 00:39:35]} {[%emt 00:00:33]} Bxb2+ {[%clk 00:18:55]}
{[%emt 00:00:29]} 21. Kd2 {[%clk 00:39:24]} {[%emt 00:00:21]} Bf3 {[%clk
00:18:24]} {[%emt 00:00:41]} 22. Rb1 {[%clk 00:38:59]} {[%emt 00:00:35]} Be5
{[%clk 00:17:47]} {[%emt 00:00:47]} 23. Rxb8+ {[%clk 00:38:41]} {[%emt
00:00:29]} Bxb8 {[%clk 00:17:37]} {[%emt 00:00:20]} 24. Rf1 {[%clk 00:38:28]}
{[%emt 00:00:23]} Bd5 {[%clk 00:17:13]} {[%emt 00:00:33]} 25. c4 {[%clk
00:38:15]} {[%emt 00:00:24]} Be6 {[%clk 00:17:14]} {[%emt 00:00:09]} 26. h4
{[%clk 00:37:00]} {[%emt 00:01:24]} g6 {[%clk 00:16:42]} {[%emt 00:00:42]} 27.
a3 {[%clk 00:36:21]} {[%emt 00:00:50]} f5 {[%clk 00:15:32]} {[%emt 00:01:20]}
28. Re1 {[%clk 00:36:04]} {[%emt 00:00:27]} Kf7 {[%clk 00:15:40]} {[%emt
00:00:01]} 29. c5 {[%clk 00:35:42]} {[%emt 00:00:32]} Bd5 {[%clk 00:14:57]}
{[%emt 00:00:54]} 30. Kc3 {[%clk 00:35:03]} {[%emt 00:00:49]} Bc7 {[%clk
00:14:48]} {[%emt 00:00:18]} 31. Bc4 {[%clk 00:34:50]} {[%emt 00:00:23]} Ba5+
{[%clk 00:14:50]} {[%emt 00:00:08]} 32. Kd4 {[%clk 00:34:08]} {[%emt 00:00:52]}
Bxe1 {[%clk 00:14:24]} {[%emt 00:00:36]} 33. Bxd5+ {[%clk 00:33:09]} {[%emt
00:01:09]} Ke7 {[%clk 00:14:20]} {[%emt 00:00:15]} 34. c6 {[%clk 00:33:03]}
{[%emt 00:00:16]} Kd6 {[%clk 00:14:18]} {[%emt 00:00:11]} 35. Bf7 {[%clk
00:32:32]} {[%emt 00:00:41]} g5 {[%clk 00:13:47]} {[%emt 00:00:41]} 36. hxg5
{[%clk 00:32:23]} {[%emt 00:00:20]} hxg5 {[%clk 00:13:50]} {[%emt 00:00:07]} 37.
Be8 {[%clk 00:32:05]} {[%emt 00:00:28]} Bf2+ {[%clk 00:13:19]} {[%emt
00:00:41]} 38. Kc4 {[%clk 00:31:09]} {[%emt 00:01:06]} g4 {[%clk 00:12:56]}
{[%emt 00:00:33]} 39. Kd3 {[%clk 00:29:53]} {[%emt 00:01:26]} Bc5 {[%clk
00:12:05]} {[%emt 00:01:00]} 40. a4 {[%clk 00:29:41]} {[%emt 00:00:23]} Bb6
{[%clk 00:12:04]} {[%emt 00:00:10]} 41. Ke2 {[%clk 00:28:54]} {[%emt 00:00:57]}
Ke5 {[%clk 00:12:11]} {[%emt 00:00:04]} 42. Bd7 {[%clk 00:28:31]} {[%emt
00:00:32]} Kf4 {[%clk 00:12:12]} {[%emt 00:00:09]} 43. Kf1 {[%clk 00:28:19]}
{[%emt 00:00:22]} g3 {[%clk 00:12:06]} {[%emt 00:00:16]} 44. Kg2 {[%clk
00:28:14]} {[%emt 00:00:15]} Bc7 {[%clk 00:11:16]} {[%emt 00:01:01]} 45. Be8
{[%clk 00:27:23]} {[%emt 00:01:01]} Kg4 {[%clk 00:10:29]} {[%emt 00:00:55]} 46.
Bd7 {[%clk 00:27:17]} {[%emt 00:00:17]} Kg5 {[%clk 00:10:28]} {[%emt 00:00:11]}
47. Kf3 {[%clk 00:26:43]} {[%emt 00:00:44]} Kf6 {[%clk 00:10:12]} {[%emt
00:00:27]} 48. a5 {[%clk 00:26:26]} {[%emt 00:00:27]} Ke5 {[%clk 00:09:49]}
{[%emt 00:00:33]} 49. Kxg3 {[%clk 00:26:14]} {[%emt 00:00:22]} Kd5+ {[%clk
00:09:49]} {[%emt 00:00:09]} 50. Kf3 {[%clk 00:26:00]} {[%emt 00:00:24]} Bxa5
{[%clk 00:09:50]} {[%emt 00:00:09]} 51. Bxf5 {[%clk 00:25:53]} {[%emt
00:00:18]} Kxc6 {[%clk 00:09:56]} {[%emt 00:00:04]} 52. Bd3 {[%clk 00:25:38]}
{[%emt 00:00:24]} Kc5 {[%clk 00:10:02]} {[%emt 00:00:04]} 53. Ke2 {[%clk
00:25:10]} {[%emt 00:00:38]} Bc3 {[%clk 00:10:08]} {[%emt 00:00:04]} 54. Bc2
{[%clk 00:24:53]} {[%emt 00:00:28]} a5 {[%clk 00:10:15]} {[%emt 00:00:03]} 55.
Kd3 {[%clk 00:24:36]} {[%emt 00:00:26]} Kb4 {[%clk 00:10:19]} {[%emt 00:00:06]}
56. Ke2 {[%clk 00:24:22]} {[%emt 00:00:24]} Ka3 {[%clk 00:10:21]} {[%emt
00:00:07]} 57. Kd3 {[%clk 00:24:25]} {[%emt 00:00:08]} Kb2 {[%clk 00:10:29]}
{[%emt 00:00:02]} 58. Bd1 {[%clk 00:24:10]} {[%emt 00:00:25]} Kc1 {[%clk
00:10:12]} {[%emt 00:00:28]} 59. Ba4 {[%clk 00:24:18]} {[%emt 00:00:02]} Bd2
{[%clk 00:10:16]} {[%emt 00:00:06]} 60. Kc4 {[%clk 00:24:15]} {[%emt 00:00:13]}
Kb2 {[%clk 00:10:22]} {[%emt 00:00:04]} 61. Bd1 {[%clk 00:24:21]} {[%emt
00:00:04]} Ka3 {[%clk 00:10:14]} {[%emt 00:00:17]} 62. Kd3 {[%clk 00:24:26]}
{[%emt 00:00:05]} Bc1 {[%clk 00:10:16]} {[%emt 00:00:08]} 63. Kc4 {[%emt
00:00:44]} 1/2-1/2

[Event "English Schools Championship Final 2024"]
[Site "Nottingham University Kings Meadow Campus, United Kingdom"]
[Date "2024.06.27"]
[Round "3.36"]
[White "Martin, George"]
[Black "Hwang, Josh"]
[Result "0-1"]
[TimeControl "G50' + 10\" per move."]
[WhiteElo "1446"]
[BlackElo "1533"]

1. e4 {[%clk 00:50:19]} {[%emt 00:00:02]} d5 {[%clk 00:49:57]} {[%emt
00:00:23]} 2. exd5 {[%clk 00:50:21]} {[%emt 00:00:08]} Qxd5 {[%clk 00:49:31]}
{[%emt 00:00:35]} 3. d4 {[%clk 00:50:14]} {[%emt 00:00:17]} Nf6 {[%clk
00:49:26]} {[%emt 00:00:14]} 4. Nc3 {[%clk 00:50:07]} {[%emt 00:00:18]} Qd6
{[%clk 00:49:14]} {[%emt 00:00:22]} 5. Bc4 {[%clk 00:49:50]} {[%emt 00:00:28]}
Bf5 {[%clk 00:47:11]} {[%emt 00:02:13]} 6. Nf3 {[%clk 00:49:23]} {[%emt
00:00:37]} c6 {[%clk 00:45:36]} {[%emt 00:01:45]} 7. Ne5 {[%clk 00:49:08]}
{[%emt 00:00:25]} e6 {[%clk 00:45:05]} {[%emt 00:00:42]} 8. Bg5 {[%clk
00:48:43]} {[%emt 00:00:35]} Nbd7 {[%clk 00:44:40]} {[%emt 00:00:34]} 9. Nxd7
{[%clk 00:48:16]} {[%emt 00:00:37]} Nxd7 {[%clk 00:43:45]} {[%emt 00:01:05]} 10.
g4 {[%clk 00:48:02]} {[%emt 00:00:24]} Bg6 {[%clk 00:43:19]} {[%emt 00:00:36]}
11. Be3 {[%clk 00:47:48]} {[%emt 00:00:24]} Nb6 {[%clk 00:42:22]} {[%emt
00:01:06]} 12. Bd3 {[%clk 00:47:10]} {[%emt 00:00:48]} Nd5 {[%emt 00:00:46]} 13.
Bxg6 {[%emt 00:00:22]} hxg6 {[%clk 00:40:59]} {[%emt 00:00:25]} 14. Nxd5 {[%clk
00:46:56]} {[%emt 00:00:24]} Qxd5 {[%clk 00:40:16]} {[%emt 00:00:54]} 15. f3
{[%clk 00:46:37]} {[%emt 00:00:29]} Bd6 {[%clk 00:39:46]} {[%emt 00:00:40]} 16.
h3 {[%clk 00:45:30]} {[%emt 00:01:17]} O-O-O {[%clk 00:38:58]} {[%emt
00:00:57]} 17. Qe2 {[%clk 00:45:13]} {[%emt 00:00:28]} Bg3+ {[%clk 00:38:24]}
{[%emt 00:00:44]} 18. Kd2 {[%clk 00:44:10]} {[%emt 00:01:13]} e5 {[%clk
00:37:34]} {[%emt 00:00:59]} 19. c3 {[%clk 00:43:19]} {[%emt 00:01:02]} exd4
{[%clk 00:37:08]} {[%emt 00:00:36]} 20. cxd4 {[%clk 00:42:55]} {[%emt
00:00:33]} Rhe8 {[%clk 00:36:25]} {[%emt 00:00:54]} 21. f4 {[%clk 00:40:02]}
{[%emt 00:03:03]} Bxf4 {[%clk 00:36:10]} {[%emt 00:00:25]} 22. Kc2 {[%clk
00:38:57]} {[%emt 00:01:15]} Qe4+ {[%clk 00:35:10]} {[%emt 00:01:09]} 23. Qd3
{[%clk 00:38:00]} {[%emt 00:01:07]} Qxd3+ {[%clk 00:34:24]} {[%emt 00:00:56]}
24. Kxd3 {[%clk 00:38:08]} {[%emt 00:00:02]} Rxe3+ {[%clk 00:34:20]} {[%emt
00:00:14]} 25. Kc4 {[%clk 00:38:09]} {[%emt 00:00:09]} b5+ {[%clk 00:32:21]}
{[%emt 00:02:10]} 26. Kb4 {[%clk 00:37:17]} {[%emt 00:01:02]} Rxd4+ {[%clk
00:32:09]} {[%emt 00:00:21]} 0-1

[Event "English Schools Championship Final 2024"]
[Site "Nottingham University Kings Meadow Campus, United Kingdom"]
[Date "2024.06.27"]
[Round "3.37"]
[White "Sanfey, Gregor"]
[Black "Kukreja, Karan"]
[Result "1-0"]
[TimeControl "G50' + 10\" per move."]
[WhiteFideId "467928"]
[BlackFideId "458821"]
[WhiteElo "1767"]
[BlackElo "1917"]

1. f4 {[%clk 00:50:18]} {[%emt 00:00:02]} d5 {[%clk 00:50:20]} 2. Nf3 {[%clk
00:50:21]} {[%emt 00:00:06]} c5 {[%clk 00:50:29]} {[%emt 00:00:01]} 3. e3
{[%clk 00:50:21]} {[%emt 00:00:09]} g6 {[%clk 00:50:36]} {[%emt 00:00:04]} 4.
Be2 {[%clk 00:50:00]} {[%emt 00:00:31]} Bg7 {[%clk 00:50:45]} {[%emt 00:00:01]}
5. O-O {[%clk 00:49:57]} {[%emt 00:00:13]} Nc6 {[%clk 00:50:43]} {[%emt
00:00:12]} 6. d4 {[%clk 00:49:37]} {[%emt 00:00:29]} Nf6 {[%clk 00:49:58]}
{[%emt 00:00:55]} 7. c3 {[%clk 00:49:26]} {[%emt 00:00:21]} O-O {[%clk
00:49:39]} {[%emt 00:00:29]} 8. Nbd2 {[%clk 00:49:30]} {[%emt 00:00:06]} Qd6
{[%clk 00:49:19]} {[%emt 00:00:30]} 9. Ne5 {[%clk 00:49:32]} {[%emt 00:00:09]}
a6 {[%clk 00:48:17]} {[%emt 00:01:11]} 10. Ndf3 {[%clk 00:48:31]} {[%emt
00:01:11]} b5 {[%clk 00:47:23]} {[%emt 00:01:05]} 11. Nxc6 {[%clk 00:38:16]}
{[%emt 00:10:24]} Qxc6 {[%clk 00:47:27]} {[%emt 00:00:06]} 12. Ne5 {[%clk
00:38:24]} {[%emt 00:00:02]} Qb6 {[%clk 00:46:25]} {[%emt 00:01:12]} 13. g4
{[%clk 00:38:16]} {[%emt 00:00:18]} Rd8 {[%clk 00:45:16]} {[%emt 00:01:20]} 14.
g5 {[%clk 00:37:31]} {[%emt 00:00:55]} Ne4 {[%emt 00:01:00]} 15. Bg4 {[%clk
00:37:16]} Bxg4 {[%clk 00:44:54]} {[%emt 00:00:07]} 16. Qxg4 {[%clk 00:37:20]}
{[%emt 00:00:06]} Qc7 {[%clk 00:43:00]} {[%emt 00:02:04]} 17. Rf3 {[%clk
00:31:00]} {[%emt 00:06:29]} h5 {[%clk 00:41:31]} {[%emt 00:01:38]} 18. gxh6
{[%clk 00:30:10]} {[%emt 00:01:01]} Bxh6 {[%clk 00:41:29]} {[%emt 00:00:12]} 19.
f5 {[%clk 00:29:32]} {[%emt 00:00:48]} g5 {[%clk 00:38:40]} {[%emt 00:02:59]}
20. Nxf7 {[%clk 00:27:29]} {[%emt 00:02:14]} Kxf7 {[%clk 00:36:28]} {[%emt
00:02:20]} 21. Qh5+ {[%clk 00:27:32]} {[%emt 00:00:07]} Kf8 {[%clk 00:35:56]}
{[%emt 00:00:42]} 22. Qxh6+ {[%clk 00:27:37]} {[%emt 00:00:06]} Ke8 {[%clk
00:36:01]} {[%emt 00:00:05]} 23. Qg6+ {[%clk 00:27:21]} {[%emt 00:00:25]} Kd7
{[%clk 00:29:34]} {[%emt 00:06:37]} 24. Qe6+ {[%clk 00:27:26]} {[%emt
00:00:06]} Ke8 {[%clk 00:29:32]} {[%emt 00:00:11]} 25. Rh3 {[%clk 00:27:29]}
{[%emt 00:00:06]} Kf8 {[%clk 00:29:11]} {[%emt 00:00:31]} 26. Rh8+ {[%clk
00:26:54]} {[%emt 00:00:45]} Kg7 {[%clk 00:29:09]} {[%emt 00:00:13]} 27. Qh6+
{[%clk 00:27:01]} {[%emt 00:00:03]} Kf7 {[%clk 00:29:13]} {[%emt 00:00:06]} 28.
Qg6# {[%clk 00:26:54]} {[%emt 00:00:04]} 1-0

[Event "English Schools Championship Final 2024"]
[Site "Nottingham University Kings Meadow Campus, United Kingdom"]
[Date "2024.06.27"]
[Round "3.38"]
[White "Chen, Daniel Xingyu"]
[Black "Rasalingam, Rishi"]
[Result "1-0"]
[TimeControl "G50' + 10\" per move."]
[WhiteFideId "469149"]
[BlackFideId "452017"]
[WhiteElo "1845"]
[BlackElo "1365"]

1. e4 {[%clk 00:50:07]} {[%emt 00:00:04]} c5 {[%clk 00:50:17]} {[%emt
00:00:12]} 2. Nc3 {[%clk 00:50:13]} {[%emt 00:00:05]} Nc6 {[%clk 00:50:15]}
{[%emt 00:00:12]} 3. g3 {[%clk 00:50:17]} {[%emt 00:00:06]} a6 {[%clk
00:50:08]} {[%emt 00:00:17]} 4. Bg2 {[%clk 00:50:19]} {[%emt 00:00:07]} d6
{[%clk 00:49:37]} {[%emt 00:00:41]} 5. d3 {[%clk 00:50:01]} {[%emt 00:00:28]}
g6 {[%clk 00:49:33]} {[%emt 00:00:14]} 6. Be3 {[%clk 00:50:02]} {[%emt
00:00:10]} Bg7 {[%clk 00:49:30]} {[%emt 00:00:12]} 7. Qd2 {[%clk 00:49:58]}
{[%emt 00:00:14]} Nf6 {[%clk 00:48:56]} {[%emt 00:00:44]} 8. Bh6 {[%clk
00:49:54]} {[%emt 00:00:14]} O-O {[%clk 00:47:56]} {[%emt 00:01:10]} 9. Bxg7
{[%clk 00:46:29]} {[%emt 00:03:35]} Kxg7 {[%clk 00:48:02]} {[%emt 00:00:04]} 10.
f4 {[%clk 00:46:06]} {[%emt 00:00:33]} Rb8 {[%clk 00:46:30]} {[%emt 00:01:41]}
11. Nf3 {[%clk 00:45:57]} {[%emt 00:00:19]} Qc7 {[%clk 00:45:04]} {[%emt
00:01:36]} 12. h3 {[%clk 00:45:40]} {[%emt 00:00:27]} b5 {[%clk 00:44:04]}
{[%emt 00:01:10]} 13. g4 {[%clk 00:45:28]} {[%emt 00:00:22]} e5 {[%clk
00:39:35]} {[%emt 00:04:39]} 14. f5 {[%clk 00:43:42]} {[%emt 00:01:56]} Nd4
{[%clk 00:37:50]} {[%emt 00:01:55]} 15. Ne2 {[%clk 00:41:54]} {[%emt 00:01:57]}
b4 {[%clk 00:35:47]} {[%emt 00:02:13]} 16. Ng3 {[%clk 00:41:27]} {[%emt
00:00:38]} Nxf3+ {[%clk 00:29:28]} {[%emt 00:06:30]} 17. Bxf3 {[%clk 00:41:33]}
{[%emt 00:00:05]} Qd8 {[%clk 00:28:32]} {[%emt 00:01:05]} 18. h4 {[%clk
00:39:36]} {[%emt 00:02:07]} Nd7 {[%clk 00:26:29]} {[%emt 00:02:12]} 19. g5
{[%clk 00:34:23]} {[%emt 00:05:23]} Bb7 {[%clk 00:22:21]} {[%emt 00:04:17]} 20.
O-O-O {[%clk 00:25:29]} {[%emt 00:09:04]} a5 {[%clk 00:21:44]} {[%emt
00:00:47]} 21. f6+ {[%clk 00:22:54]} {[%emt 00:02:46]} Kh8 {[%clk 00:20:32]}
{[%emt 00:01:22]} 22. h5 {[%clk 00:22:37]} {[%emt 00:00:28]} a4 {[%clk
00:19:15]} {[%emt 00:01:26]} 23. Qh2 {[%clk 00:20:42]} {[%emt 00:02:04]} Nxf6
{[%clk 00:18:28]} {[%emt 00:00:57]} 24. gxf6 {[%clk 00:17:55]} {[%emt
00:02:57]} Qxf6 {[%clk 00:18:29]} {[%emt 00:00:09]} 25. hxg6 {[%clk 00:17:52]}
{[%emt 00:00:13]} Qxg6 {[%clk 00:18:17]} {[%emt 00:00:21]} 26. Nf5 {[%clk
00:17:27]} {[%emt 00:00:36]} f6 {[%clk 00:15:47]} {[%emt 00:02:41]} 27. Rdg1
{[%clk 00:16:53]} {[%emt 00:00:44]} Qf7 {[%clk 00:15:21]} {[%emt 00:00:36]} 28.
Rg7 {[%clk 00:16:33]} {[%emt 00:00:30]} Ra8 {[%emt 00:01:57]} 1-0

[Event "English Schools Championship Final 2024"]
[Site "Nottingham University Kings Meadow Campus, United Kingdom"]
[Date "2024.06.27"]
[Round "3.39"]
[White "Burnton, Joshua"]
[Black "Vaidyanathan, Sathya"]
[Result "1-0"]
[TimeControl "G50' + 10\" per move."]
[WhiteFideId "343401317"]
[BlackFideId "490539"]
[WhiteElo "1846"]
[BlackElo "1881"]

1. e4 {[%clk 00:50:17]} {[%emt 00:00:02]} e5 {[%clk 00:50:19]} {[%emt
00:00:02]} 2. Nf3 {[%clk 00:50:24]} {[%emt 00:00:03]} Nc6 {[%clk 00:50:24]}
{[%emt 00:00:06]} 3. Bb5 {[%clk 00:50:26]} {[%emt 00:00:08]} Nf6 {[%clk
00:50:32]} {[%emt 00:00:02]} 4. d3 {[%clk 00:50:30]} {[%emt 00:00:06]} Bc5
{[%clk 00:50:41]} {[%emt 00:00:01]} 5. Bxc6 {[%clk 00:50:30]} {[%emt 00:00:08]}
dxc6 {[%clk 00:50:48]} {[%emt 00:00:04]} 6. O-O {[%clk 00:50:33]} {[%emt
00:00:07]} Qe7 {[%clk 00:50:24]} {[%emt 00:00:35]} 7. Nbd2 {[%clk 00:49:08]}
{[%emt 00:01:34]} O-O {[%clk 00:50:26]} {[%emt 00:00:08]} 8. h3 {[%clk
00:48:35]} {[%emt 00:00:43]} h6 {[%clk 00:49:03]} {[%emt 00:01:33]} 9. Nc4
{[%clk 00:47:35]} {[%emt 00:01:10]} Bd6 {[%clk 00:48:03]} {[%emt 00:01:10]} 10.
d4 {[%clk 00:40:43]} {[%emt 00:07:02]} Nxe4 {[%clk 00:42:00]} {[%emt 00:06:13]}
11. Ncxe5 {[%clk 00:35:17]} {[%emt 00:05:36]} Bxe5 {[%clk 00:38:51]} {[%emt
00:03:19]} 12. Nxe5 {[%clk 00:34:15]} {[%emt 00:01:12]} Be6 {[%clk 00:30:33]}
{[%emt 00:08:28]} 13. Qd3 {[%clk 00:23:56]} {[%emt 00:10:28]} Nf6 {[%clk
00:27:03]} {[%emt 00:03:41]} 14. Be3 {[%clk 00:17:41]} {[%emt 00:06:25]} Nd7
{[%clk 00:26:06]} {[%emt 00:01:07]} 15. f4 {[%clk 00:16:41]} {[%emt 00:01:10]}
Nxe5 {[%clk 00:24:30]} {[%emt 00:01:47]} 16. fxe5 {[%clk 00:15:29]} {[%emt
00:01:22]} f5 {[%clk 00:21:24]} {[%emt 00:03:16]} 17. exf6 {[%clk 00:14:54]}
{[%emt 00:00:45]} Rxf6 {[%clk 00:21:15]} {[%emt 00:00:18]} 18. Rxf6 {[%clk
00:14:32]} {[%emt 00:00:32]} Qxf6 {[%clk 00:21:23]} {[%emt 00:00:03]} 19. Rf1
{[%clk 00:14:34]} {[%emt 00:00:07]} Qe7 {[%clk 00:20:04]} {[%emt 00:01:28]} 20.
Bxh6 {[%clk 00:12:28]} {[%emt 00:02:16]} Bf7 {[%clk 00:02:50]} {[%emt
00:17:24]} 21. Qg3 {[%clk 00:10:51]} {[%emt 00:01:47]} Bc4 {[%clk 00:02:20]}
{[%emt 00:00:41]} 22. Rf4 {[%clk 00:06:17]} {[%emt 00:04:44]} Rf8 {[%clk
00:01:53]} {[%emt 00:00:38]} 23. Bxg7 {[%clk 00:05:48]} {[%emt 00:00:39]} Qxg7
{[%clk 00:00:14]} {[%emt 00:01:49]} 24. Rg4 {[%clk 00:05:46]} {[%emt 00:00:11]}
Rf7 {[%clk 00:00:12]} {[%emt 00:00:13]} 25. Rxg7+ {[%clk 00:04:01]} {[%emt
00:01:55]} Rxg7 {[%clk 00:00:21]} {[%emt 00:00:02]} 26. Qe5 {[%clk 00:03:56]}
{[%emt 00:00:16]} Kf8 {[%clk 00:00:12]} {[%emt 00:00:19]} 27. b3 {[%clk
00:03:33]} {[%emt 00:00:33]} Bd5 {[%clk 00:00:12]} {[%emt 00:00:10]} 28. g4
{[%clk 00:03:36]} {[%emt 00:00:06]} Re7 {[%clk 00:00:14]} {[%emt 00:00:08]} 29.
Qh8+ {[%clk 00:03:27]} {[%emt 00:00:19]} Kf7 {[%clk 00:00:17]} {[%emt
00:00:07]} 30. g5 {[%clk 00:03:14]} {[%emt 00:00:22]} Re1+ {[%clk 00:00:17]}
{[%emt 00:00:10]} 31. Kf2 {[%clk 00:03:18]} {[%emt 00:00:07]} Rh1 {[%clk
00:00:13]} {[%emt 00:00:14]} 32. Qf6+ {[%clk 00:03:12]} {[%emt 00:00:16]} Kg8
{[%clk 00:00:15]} {[%emt 00:00:08]} 33. Qd8+ {[%clk 00:03:09]} {[%emt
00:00:13]} Kg7 {[%clk 00:00:16]} {[%emt 00:00:08]} 34. Qxc7+ {[%clk 00:03:17]}
{[%emt 00:00:03]} Kg6 {[%clk 00:00:24]} {[%emt 00:00:02]} 35. c4 {[%clk
00:02:40]} {[%emt 00:00:47]} Be4 {[%clk 00:00:17]} {[%emt 00:00:17]} 36. Qd6+
{[%clk 00:02:34]} {[%emt 00:00:15]} Kxg5 {[%clk 00:00:22]} {[%emt 00:00:05]} 37.
Qe7+ {[%clk 00:02:36]} {[%emt 00:00:09]} Kf4 {[%clk 00:00:17]} {[%emt
00:00:15]} 38. Qe5# {[%clk 00:02:42]} {[%emt 00:00:04]} 1-0

[Event "English Schools Championship Final 2024"]
[Site "Nottingham University Kings Meadow Campus, United Kingdom"]
[Date "2024.06.27"]
[Round "3.40"]
[White "Karim, Taha"]
[Black "Sisupalan, Beni"]
[Result "0-1"]
[TimeControl "G50' + 10\" per move."]
[BlackFideId "494585"]
[WhiteElo "1692"]
[BlackElo "1736"]

1. b3 {[%clk 00:50:14]} {[%emt 00:00:05]} e5 {[%clk 00:50:16]} {[%emt
00:00:05]} 2. Bb2 {[%clk 00:50:14]} {[%emt 00:00:10]} Nc6 {[%clk 00:50:15]}
{[%emt 00:00:11]} 3. e3 {[%clk 00:50:13]} {[%emt 00:00:10]} d5 {[%clk
00:50:11]} {[%emt 00:00:15]} 4. Bb5 {[%clk 00:50:01]} {[%emt 00:00:22]} Bd6
{[%clk 00:50:18]} {[%emt 00:00:03]} 5. f4 {[%clk 00:49:53]} {[%emt 00:00:18]}
Qe7 {[%clk 00:48:13]} {[%emt 00:02:14]} 6. Nf3 {[%emt 00:01:00]} Bg4 {[%clk
00:46:54]} {[%emt 00:01:15]} 7. Nc3 {[%clk 00:45:00]} {[%emt 00:04:27]} Nf6
{[%clk 00:43:33]} {[%emt 00:03:32]} 8. h3 {[%clk 00:43:08]} {[%emt 00:02:02]}
Bxf3 {[%clk 00:42:45]} {[%emt 00:00:58]} 9. Qxf3 {[%clk 00:43:08]} {[%emt
00:00:09]} exf4 {[%clk 00:41:41]} {[%emt 00:01:15]} 10. Nxd5 {[%clk 00:42:49]}
{[%emt 00:00:28]} Nxd5 {[%clk 00:41:38]} {[%emt 00:00:13]} 11. Qxd5 {[%clk
00:42:50]} {[%emt 00:00:09]} Qh4+ {[%clk 00:39:31]} {[%emt 00:02:17]} 12. Kf1
{[%clk 00:40:14]} {[%emt 00:02:45]} O-O {[%clk 00:37:49]} {[%emt 00:01:54]} 13.
Bxc6 {[%clk 00:40:16]} {[%emt 00:00:07]} bxc6 {[%clk 00:37:57]} {[%emt
00:00:02]} 14. Qxc6 {[%clk 00:40:13]} {[%emt 00:00:12]} Rae8 {[%clk 00:37:06]}
{[%emt 00:01:01]} 15. Qf3 {[%clk 00:39:35]} {[%emt 00:00:48]} fxe3 {[%clk
00:35:57]} {[%emt 00:01:19]} 16. dxe3 {[%clk 00:39:33]} {[%emt 00:00:11]} Re6
{[%clk 00:35:11]} {[%emt 00:00:57]} 17. Re1 {[%clk 00:38:21]} {[%emt 00:01:22]}
Rfe8 {[%clk 00:34:27]} {[%emt 00:00:55]} 18. Bd4 {[%clk 00:34:54]} {[%emt
00:03:37]} Qxd4 {[%clk 00:33:17]} {[%emt 00:01:20]} 19. exd4 {[%emt 00:00:24]}
Rxe1+ {[%emt 00:00:02]} 20. Kf2 {[%clk 00:34:34]} {[%emt 00:00:03]} Rxh1 {[%clk
00:32:34]} {[%emt 00:00:54]} 21. c4 {[%clk 00:31:24]} {[%emt 00:03:20]} Rhe1
{[%clk 00:31:48]} {[%emt 00:00:55]} 22. Qc6 {[%clk 00:28:18]} {[%emt 00:03:16]}
R1e2+ {[%clk 00:31:43]} {[%emt 00:00:15]} 23. Kf3 {[%clk 00:27:49]} {[%emt
00:00:40]} R8e3+ {[%clk 00:30:53]} {[%emt 00:01:01]} 24. Kg4 {[%clk 00:27:30]}
{[%emt 00:00:28]} Re4+ {[%clk 00:30:36]} {[%emt 00:00:27]} 0-1